Представление документа в формате RUSMARC

ПолеНазваниеЗначение
  Тип записи a
  Библиографический уровень m
001 Контрольный номер RU/SLIB/B/208715827
005 Дата корректировки 20201206203927.8
010 Индекс ISBN __
d Цена 1-59
101 Язык документа __
a Язык текста rus
200 Заглавие и сведения об ответственности 0_
a Заглавие Судьбы поэтов
e Сведения, относящиеся к заглавию Гельдерлин. Клейст. Гейне
b Общее обозначение материала Текст
205 Сведения об издании __
a Основные сведения об издании 2-е изд.
210 Выходные данные __
a Место издания М.
c Издательство Худож. лит.
d Дата издания 1974
215 Физическое описание __
a Объем 576 с.
600 Персоналии __
a Персоналии (Фамилия) Гейне, Г.
600 Персоналии __
a Персоналии (Фамилия) Клейст, Г. фон
600 Персоналии __
a Персоналии (Фамилия) Гельдерлин, Ф.
606 Тематические рубрики __
a Основная рубрика Литературоведение
606 Тематические рубрики __
a Основная рубрика Литература Европы
y Географическая подрубрика Германия
610 Ключевые слова __
a Ключевые слова немецкая литература; поэты; литературное творчество; литературная критика; поэзия; персоналии
686 Индексы других классификаций __
a Классификационный индекс 83.3(4Гем)-8
700 Автор _1
a Фамилия Дейч
b Имя А.
4 Код отношения 070
801 Источник записи _0
a Страна RU
b Организация Муниципальное бюджетное учреждение культуры "Централизованная библиотечная система" г. Сургут (Центральная городская библиотека им. А. С. Пушкина)
g Правила каталогизации К/Пронина
801 Источник записи _1
a Страна RU
b Организация Муниципальное бюджетное учреждение культуры "Централизованная библиотечная система" г. Сургут (Центральная городская библиотека им. А. С. Пушкина)
g Правила каталогизации К/Пронина
852 Данные о местонахождении __
j Шифр хранения 83.3(4Гем)-8
i Авторский знак Д 27
p Инвентарный номер 25608(с)
901 Тип документа __
t Тип документа m
990 Данные о заказе (DOS) __
j Количество экземпляров (DOS) 1